[Event "4NCL 3 North pool A"]
[Site "Crewe, ENG ENG"]
[Date "2016.01.17"]
[Round "4.55"]
[White "Wallace, Paul"]
[Black "Drabble, Andrew"]
[Result "1-0"]
[WhiteElo "2214"]
[BlackElo "2064"]
[PlyCount "107"]
[EventDate "2016.01.17"]
[WhiteTeam "Cheddleton 2"]
[BlackTeam "Bradford DCA Knights A"]

1. e4 c5 2. Nf3 e6 3. d4 cxd4 4. Nxd4 a6 5. Bd3 Nf6 6. O-O Qc7 7. Qe2 d6 8. c4
Nc6 9. Nxc6 bxc6 10. Nc3 Be7 11. f4 e5 12. f5 Bb7 13. Bg5 Rd8 14. Rac1 Qb8 15.
Kh1 a5 16. c5 h6 17. Bh4 dxc5 18. Na4 Qa7 19. Bf2 Rxd3 20. Qxd3 Ba6 21. Qc2
Bxf1 22. Rxf1 Qa6 23. Rd1 O-O 24. Nxc5 Bxc5 25. Bxc5 Re8 26. Kg1 Qb5 27. a4 Qb7
28. b3 Rb8 29. Rb1 Qd7 30. Rd1 Qb7 31. Rb1 Qd7 32. h3 Rd8 33. Bb6 Rb8 34. Bc5
Rd8 35. Bb6 Rb8 36. Rd1 Qb7 37. Rd8+ Rxd8 38. Bxd8 Qa7+ 39. Kh2 Qa8 40. Bc7 c5
41. Qxc5 Qxe4 42. Qxe5 Qc2 43. Qxa5 Qxb3 44. Qb5 Qc2 45. Bb8 Qe4 46. a5 Qh4 47.
Qe2 Qb4 48. Bc7 Qc5 49. Qe5 Qc4 50. Bd8 Qc8 51. Bb6 Nd7 52. Qc7 Qxc7+ 53. Bxc7
Nc5 54. Kg3 1-0

[Event "4NCL 3 North pool A"]
[Site "Crewe, ENG ENG"]
[Date "2016.01.17"]
[Round "4.56"]
[White "Allis, Richard"]
[Black "Acey, Gerald"]
[Result "1/2-1/2"]
[WhiteElo "2107"]
[BlackElo "2104"]
[PlyCount "122"]
[EventDate "2016.01.17"]
[WhiteTeam "Bradford DCA Knights A"]
[BlackTeam "Cheddleton 2"]

1. e4 e5 2. Bc4 Nf6 3. d4 exd4 4. Bg5 h6 5. Bxf6 Qxf6 6. Nf3 Nc6 7. O-O Bc5 8.
e5 Qe7 9. c3 dxc3 10. Nxc3 O-O 11. Nd5 Qd8 12. Nd2 Nxe5 13. Bb3 c6 14. Ne4 cxd5
15. Nxc5 d6 16. Qxd5 dxc5 17. Qxe5 Qg5 18. Rfe1 Qxe5 19. Rxe5 Be6 20. Bxe6 fxe6
21. Rxc5 Rac8 22. Rac1 Rxc5 23. Rxc5 Rd8 24. Kf1 Rd7 25. Ke2 Kf7 26. h4 Kf6 27.
Ke3 Ke7 28. Rc2 Kf6 29. g4 Ke7 30. f4 Kf6 31. Rc5 Ke7 32. h5 Kd6 33. Rc2 Rf7
34. Ke4 Rf8 35. b4 Rf7 36. a4 a6 37. Rd2+ Ke7 38. Ke5 Rf6 39. Rc2 Kd8 40. b5
axb5 41. axb5 Rf7 42. Rc4 Kd7 43. b6 Kd8 44. Kxe6 Rf6+ 45. Ke5 Rxb6 46. Rc5 Kd7
47. g5 hxg5 48. fxg5 Re6+ 49. Kf5 Kd6 50. Rb5 Re7 51. Rb1 Kc5 52. h6 gxh6 53.
Kf6 Re8 54. gxh6 b5 55. Rc1+ Kd4 56. Rc7 b4 57. Rb7 Kc3 58. Kg7 b3 59. Rc7+ Kd3
60. Rd7+ Kc3 61. Rc7+ Kd3 1/2-1/2

[Event "4NCL 3 North pool A"]
[Site "Crewe, ENG ENG"]
[Date "2016.01.17"]
[Round "4.57"]
[White "Richardson, Alex"]
[Black "Jennings, Roger W"]
[Result "0-1"]
[WhiteElo "2133"]
[BlackElo "2078"]
[PlyCount "86"]
[EventDate "2016.01.17"]
[WhiteTeam "Cheddleton 2"]
[BlackTeam "Bradford DCA Knights A"]

1. c4 g6 2. g3 Bg7 3. Bg2 Nf6 4. Nf3 O-O 5. O-O d5 6. cxd5 Nxd5 7. d4 Nc6 8.
Nc3 Nb6 9. e3 Bd7 10. a3 Qc8 11. Ne4 Bh3 12. Bxh3 Qxh3 13. Nc5 Qc8 14. b4 Nd7
15. Nd3 Nb6 16. Rb1 Qf5 17. b5 Na5 18. Bd2 Nac4 19. Bb4 Rfe8 20. Nc5 a5 21.
bxa6 bxa6 22. e4 Qh5 23. a4 a5 24. Bc3 Red8 25. Nb7 Rdb8 26. Rb5 Qg4 27. Nxa5
Nd6 28. Rg5 Qd7 29. Ne5 Bxe5 30. Rxe5 f6 31. Rc5 Nxa4 32. Nc6 Rb6 33. Qf3 Rxc6
34. e5 Nxc5 35. dxc5 Nb5 36. e6 Qe8 37. Bb2 Raa6 38. Qb3 Na7 39. Rd1 Kg7 40.
Rd7 Rxe6 41. Rxc7 Qb5 42. Bxf6+ Kxf6 43. Qc3+ Kf7 0-1

[Event "4NCL 3 North pool A"]
[Site "Crewe, ENG ENG"]
[Date "2016.01.17"]
[Round "4.58"]
[White "Eagleton, Greg T"]
[Black "Edwards, Simon R"]
[Result "1/2-1/2"]
[WhiteElo "2087"]
[BlackElo "2020"]
[PlyCount "38"]
[EventDate "2016.01.17"]
[WhiteTeam "Bradford DCA Knights A"]
[BlackTeam "Cheddleton 2"]

1. d4 Nf6 2. c4 c5 3. d5 b5 4. cxb5 a6 5. bxa6 g6 6. Nc3 Bxa6 7. e4 Bxf1 8.
Kxf1 d6 9. Nf3 Bg7 10. Rb1 Qa5 11. Bd2 O-O 12. b3 Qa3 13. Ne1 Nbd7 14. Nc2 Qa6+
15. Qe2 Nxe4 16. Nxe4 Qxa2 17. Qd1 Qa6+ 18. Qe2 Qa2 19. Qd1 Qa6+ 1/2-1/2

[Event "4NCL 3 North pool A"]
[Site "Crewe, ENG ENG"]
[Date "2016.01.17"]
[Round "4.59"]
[White "Davison, Colin F S"]
[Black "Bak, Andrew"]
[Result "0-1"]
[WhiteElo "2004"]
[BlackElo "2040"]
[PlyCount "90"]
[EventDate "2016.01.17"]
[WhiteTeam "Cheddleton 2"]
[BlackTeam "Bradford DCA Knights A"]

1. c4 Nf6 2. g3 g6 3. Bg2 Bg7 4. Nc3 O-O 5. Nf3 d6 6. O-O e5 7. d3 c6 8. Qc2 a5
9. b3 Ne8 10. Bb2 f5 11. e3 Na6 12. Na4 c5 13. Rad1 Bd7 14. Nc3 Bc6 15. Ne2 Nb4
16. Qb1 Nxd3 17. Rxd3 e4 18. Nf4 exf3 19. Rfd1 fxg2 20. Ne6 Qe7 21. Nxf8 Be4
22. Nxg6 hxg6 23. Qc1 Bxd3 24. Rxd3 Rd8 25. Bxg7 Qxg7 26. Qd1 Qc7 27. Kxg2 Qc6+
28. Qf3 Qxf3+ 29. Kxf3 Kf7 30. e4 Ke6 31. exf5+ gxf5 32. Kf4 Nc7 33. h3 d5 34.
g4 fxg4 35. hxg4 Rf8+ 36. Kg3 d4 37. f4 b5 38. Rd2 bxc4 39. bxc4 Nd5 40. f5+
Ke5 41. Rb2 d3 42. Kf3 Kd4 43. cxd5 c4 44. d6 c3 45. Rb6 c2 0-1

[Event "4NCL 3 North pool A"]
[Site "Crewe, ENG ENG"]
[Date "2016.01.17"]
[Round "4.60"]
[White "Barlow, David"]
[Black "Jamieson, Ian"]
[Result "1-0"]
[WhiteElo "2027"]
[BlackElo "1933"]
[PlyCount "29"]
[EventDate "2016.01.17"]
[WhiteTeam "Bradford DCA Knights A"]
[BlackTeam "Cheddleton 2"]

1. d4 e6 2. Nc3 d5 3. Nf3 Nf6 4. Bg5 Nbd7 5. e4 dxe4 6. Nxe4 Be7 7. Nxf6+ Nxf6
8. Bd3 h6 9. Bxf6 Bxf6 10. Qe2 c5 11. Bb5+ Bd7 12. O-O-O cxd4 13. Nxd4 Bxb5 14.
Qxb5+ Qd7 15. Nxe6 1-0

[Event "4NCL 3 North pool A"]
[Site "Crewe, ENG ENG"]
[Date "2016.01.17"]
[Round "4.65"]
[White "Turner, John M"]
[Black "Polaczek, Richard"]
[Result "0-1"]
[WhiteElo "2027"]
[BlackElo "2425"]
[PlyCount "94"]
[EventDate "2016.01.17"]
[WhiteTeam "Holmes Chapel"]
[BlackTeam "Broadland Bitterns"]

1. e4 e6 2. d4 d5 3. Nd2 Nf6 4. e5 Nfd7 5. Bd3 c5 6. c3 Nc6 7. Ne2 cxd4 8. cxd4
f6 9. exf6 Qxf6 10. Nf3 h6 11. O-O Bd6 12. a3 O-O 13. Bc2 Rd8 14. Nc3 Nf8 15.
Re1 Bd7 16. Qd3 Be8 17. Be3 Rac8 18. Rac1 Bg6 19. Qd2 Bh5 20. Bd1 Ng6 21. Ne5
Bxd1 22. Nxc6 bxc6 23. Rexd1 e5 24. dxe5 Qxe5 25. g3 Qe6 26. Ne2 Ne5 27. Nd4
Qh3 28. Qe2 Rf8 29. f4 Ng4 30. Rxc6 Rxc6 31. Nxc6 Re8 32. Rd3 Bc5 33. Ne5 Nxe3
34. Rxe3 Qf5 35. Kg2 Bxe3 36. Qxe3 Qc2+ 37. Kh3 Qf5+ 38. Kg2 Rc8 39. Nf3 Rc2+
40. Kg1 Rxb2 41. Qe8+ Kh7 42. Ng5+ hxg5 43. Qh5+ Kg8 44. Qe8+ Qf8 45. Qe6+ Qf7
46. Qc8+ Kh7 47. Qh3+ Kg6 0-1

[Event "4NCL 3 North pool A"]
[Site "Crewe, ENG ENG"]
[Date "2016.01.17"]
[Round "4.66"]
[White "Moore, Gerald"]
[Black "Bennett, Patrick"]
[Result "1/2-1/2"]
[WhiteElo "2117"]
[BlackElo "2011"]
[PlyCount "45"]
[EventDate "2016.01.17"]
[WhiteTeam "Broadland Bitterns"]
[BlackTeam "Holmes Chapel"]

1. Nf3 d5 2. g3 c5 3. Bg2 Nf6 4. O-O Nc6 5. d4 e6 6. c4 dxc4 7. Qa4 Qa5 8. Qxc4
cxd4 9. Nxd4 Nxd4 10. Qxd4 Bc5 11. Qh4 O-O 12. Nc3 Be7 13. Qc4 Rb8 14. Qb5 Qxb5
15. Nxb5 Bd7 16. Nc3 Bc6 17. Be3 Bxg2 18. Kxg2 a6 19. Kf3 b5 20. Rac1 Rfd8 21.
Rfd1 h6 22. h3 Kh7 23. Rxd8 1/2-1/2

[Event "4NCL 3 North pool A"]
[Site "Crewe, ENG ENG"]
[Date "2016.01.17"]
[Round "4.67"]
[White "Doran, Chris"]
[Black "McEwan, Ken B"]
[Result "0-1"]
[WhiteElo "1990"]
[BlackElo "2060"]
[PlyCount "70"]
[EventDate "2016.01.17"]
[WhiteTeam "Holmes Chapel"]
[BlackTeam "Broadland Bitterns"]

1. e4 c5 2. Nf3 d6 3. d4 cxd4 4. Nxd4 Nf6 5. Nc3 a6 6. Bg5 e6 7. f4 Be7 8. Qf3
Qc7 9. O-O-O Nbd7 10. Bd3 b5 11. Rhe1 Bb7 12. Qg3 O-O-O 13. Bxb5 axb5 14. Ndxb5
Qc5 15. e5 h6 16. exd6 Bf8 17. Bh4 g5 18. fxg5 hxg5 19. Bxg5 Qxg5+ 20. Qxg5 Bh6
21. h4 Rdg8 22. Rd4 Bxg5+ 23. hxg5 Rxg5 24. Rb4 Bxg2 25. a4 Rg4 26. Na7+ Kd8
27. Rb5 Rh5 28. b3 Rxb5 29. Naxb5 Nc5 30. a5 Kd7 31. Kb2 Nd5 32. a6 Nxc3 33.
Kxc3 Nxa6 34. Ra1 Bb7 35. b4 Rxb4 0-1

[Event "4NCL 3 North pool A"]
[Site "Crewe, ENG ENG"]
[Date "2016.01.17"]
[Round "4.68"]
[White "Hughes, Roy"]
[Black "Scattergood, Ben"]
[Result "1-0"]
[WhiteElo "2110"]
[BlackElo "1942"]
[PlyCount "69"]
[EventDate "2016.01.17"]
[WhiteTeam "Broadland Bitterns"]
[BlackTeam "Holmes Chapel"]

1. d4 e6 2. Bf4 Nf6 3. e3 b6 4. Nf3 Bb7 5. Bd3 d5 6. O-O Bd6 7. Ne5 O-O 8. Nd2
Ne4 9. Bxe4 dxe4 10. Qg4 Qe7 11. Rfd1 b5 12. c4 f6 13. c5 fxe5 14. cxd6 cxd6
15. dxe5 d5 16. Nb3 Nc6 17. Rac1 Rf5 18. Nd4 Nxd4 19. exd4 h5 20. Qg3 g5 21.
Be3 Kh8 22. Rc5 g4 23. Rdc1 Rg8 24. Rc7 Qd8 25. h4 gxh3 26. Qxh3 Rg7 27. Rxg7
Kxg7 28. Bd2 Qb6 29. Qe3 Rf7 30. Qh6+ Kg8 31. Qg6+ Rg7 32. Qe8+ Kh7 33. Qxh5+
Kg8 34. Qe8+ Kh7 35. Rc3 1-0

[Event "4NCL 3 North pool A"]
[Site "Crewe, ENG ENG"]
[Date "2016.01.17"]
[Round "4.69"]
[White "Laurence, Geoff"]
[Black "Bin-Suhayl, Ieysaa"]
[Result "1/2-1/2"]
[WhiteElo "2019"]
[BlackElo "1967"]
[PlyCount "73"]
[EventDate "2016.01.17"]
[WhiteTeam "Holmes Chapel"]
[BlackTeam "Broadland Bitterns"]

1. d4 d5 2. Nf3 Nf6 3. e3 e6 4. Bd3 c5 5. b3 Nc6 6. Bb2 Ne4 7. Nbd2 Nxd2 8.
Qxd2 cxd4 9. exd4 Be7 10. O-O O-O 11. a3 b6 12. Rae1 Bb7 13. Qe2 Bf6 14. Ne5 g6
15. f4 Nxe5 16. fxe5 Bg7 17. Qg4 Qe7 18. Re2 a5 19. Rf3 Ba6 20. Bxa6 Rxa6 21.
a4 Raa8 22. Ree3 Rac8 23. Rc3 Bh6 24. h4 Qb4 25. Rfd3 Rxc3 26. Bxc3 Qa3 27. Qd1
Qc1 28. Qxc1 Bxc1 29. Kf2 Rc8 30. Ke2 Kg7 31. Kd1 Ba3 32. Bd2 Be7 33. g3 h6 34.
c3 g5 35. hxg5 hxg5 36. g4 Rh8 37. Rg3 1/2-1/2

[Event "4NCL 3 North pool A"]
[Site "Crewe, ENG ENG"]
[Date "2016.01.17"]
[Round "4.70"]
[White "Frean, Daniel J"]
[Black "Higgie, Charles L"]
[Result "1-0"]
[WhiteElo "1913"]
[BlackElo "1867"]
[PlyCount "59"]
[EventDate "2016.01.17"]
[WhiteTeam "Broadland Bitterns"]
[BlackTeam "Holmes Chapel"]

1. d4 Nf6 2. c4 g6 3. Nc3 d5 4. cxd5 Nxd5 5. e4 Nxc3 6. bxc3 Bg7 7. Bg5 O-O 8.
Nf3 c5 9. Rc1 Bg4 10. d5 Qa5 11. Qd2 e6 12. c4 Qxd2+ 13. Nxd2 e5 14. Be2 Bd7
15. O-O Na6 16. Be3 b6 17. f4 exf4 18. Bxf4 Bb2 19. Rb1 Bd4+ 20. Kh1 Nb4 21.
Nf3 Nxa2 22. Nxd4 cxd4 23. Bd2 Rfe8 24. Bd3 f5 25. exf5 Bxf5 26. Bxf5 gxf5 27.
Rxf5 Re2 28. Bh6 Rae8 29. Rbf1 Re1 30. Rg5+ 1-0

[Event "4NCL 3 North pool A"]
[Site "Crewe, ENG ENG"]
[Date "2016.01.17"]
[Round "4.75"]
[White "Walton, Alan J"]
[Black "White, Mark W"]
[Result "1-0"]
[WhiteElo "2206"]
[BlackElo "2081"]
[PlyCount "85"]
[EventDate "2016.01.17"]
[WhiteTeam "3Cs 2"]
[BlackTeam "Jorvik"]

1. d4 d6 2. e4 Nf6 3. Nc3 g6 4. Be3 Bg7 5. Qd2 c6 6. h3 O-O 7. Nf3 b5 8. Bd3
Bb7 9. O-O a6 10. e5 dxe5 11. dxe5 Nd5 12. Bh6 c5 13. Ne4 Qb6 14. Ng3 Nb4 15.
Bxg7 Kxg7 16. Qg5 Bxf3 17. gxf3 Nxd3 18. cxd3 Qe6 19. Nh5+ Kh8 20. Nf4 Qf5 21.
Qxf5 gxf5 22. e6 fxe6 23. Nxe6 Rg8+ 24. Kh1 Nd7 25. f4 Rg6 26. Rae1 h6 27. Nc7
Ra7 28. Nd5 e6 29. Ne7 Rf6 30. Rg1 Nf8 31. Nc6 Rd7 32. Ne5 Rd4 33. Rg3 Rd8 34.
Reg1 Nd7 35. Rg7 Nxe5 36. fxe5 Rff8 37. R7g6 Kh7 38. Rxe6 Rxd3 39. Re7+ Kh8 40.
Rgg7 Rfd8 41. Rh7+ Kg8 42. Reg7+ Kf8 43. e6 1-0

[Event "4NCL 3 North pool A"]
[Site "Crewe, ENG ENG"]
[Date "2016.01.17"]
[Round "4.77"]
[White "Lau, Jason"]
[Black "Cowan, Richard M"]
[Result "1/2-1/2"]
[WhiteElo "2080"]
[BlackElo "1889"]
[PlyCount "79"]
[EventDate "2016.01.17"]
[WhiteTeam "3Cs 2"]
[BlackTeam "Jorvik"]

1. e4 c6 2. d4 d5 3. Nc3 dxe4 4. Nxe4 Bf5 5. Ng3 Bg6 6. h4 h6 7. Nf3 Nd7 8. h5
Bh7 9. Bd3 Bxd3 10. Qxd3 e6 11. Bd2 Ngf6 12. O-O-O Be7 13. Kb1 Qc7 14. Ne4 Nxe4
15. Qxe4 Nf6 16. Qe2 O-O-O 17. c4 c5 18. Bc3 cxd4 19. Nxd4 Qf4 20. f3 Bc5 21.
Nb3 Qe3 22. Qxe3 Bxe3 23. g4 Rxd1+ 24. Rxd1 Rd8 25. Rxd8+ Kxd8 26. Kc2 Ke7 27.
Kd3 Bf4 28. Na5 Nd7 29. Nxb7 g6 30. hxg6 fxg6 31. Ke4 e5 32. Bb4+ Kf7 33. Kd3
h5 34. Be1 Nf6 35. Nd6+ Ke6 36. Ne4 Nd7 37. b3 Nb8 38. Bf2 Nc6 39. Kc3 a5 40.
a4 1/2-1/2

[Event "4NCL 3 North pool A"]
[Site "Crewe, ENG ENG"]
[Date "2016.01.17"]
[Round "4.78"]
[White "Flint, Martina"]
[Black "Clarke, Stuart W"]
[Result "1/2-1/2"]
[WhiteElo "1825"]
[BlackElo "1945"]
[PlyCount "82"]
[EventDate "2016.01.17"]
[WhiteTeam "Jorvik"]
[BlackTeam "3Cs 2"]

1. f4 d5 2. d3 Nf6 3. g3 c6 4. Bg2 h6 5. Nf3 Bg4 6. Nh4 e6 7. h3 Bf5 8. O-O
Bc5+ 9. Kh2 g5 10. Nxf5 exf5 11. Nc3 d4 12. Na4 Bd6 13. b3 Nbd7 14. e4 dxe3 15.
Bxe3 Qc7 16. c4 g4 17. h4 O-O 18. Nc3 Rfe8 19. Qd2 Rad8 20. Qf2 Bb4 21. Ne2 Qd6
22. Nd4 c5 23. Nc2 Qxd3 24. Nxb4 Qxe3 25. Qxe3 Rxe3 26. Nd5 Nxd5 27. Bxd5 Nf6
28. Rad1 Nxd5 29. cxd5 Re4 30. Kg2 Rd4 31. Rxd4 cxd4 32. Rd1 Rxd5 33. Kf2 Kf8
34. Ke2 Ke7 35. Rc1 Kd7 36. Kd3 b6 37. Rc4 b5 38. Rc2 a5 39. a3 h5 40. Rc1 f6
41. Rc2 Kd6 1/2-1/2

[Event "4NCL 3 North pool A"]
[Site "Crewe, ENG ENG"]
[Date "2016.01.17"]
[Round "4.79"]
[White "Burke, Mitchell R"]
[Black "Anderson, Paul W"]
[Result "1-0"]
[WhiteElo "2012"]
[BlackElo "1815"]
[PlyCount "97"]
[EventDate "2016.01.17"]
[WhiteTeam "3Cs 2"]
[BlackTeam "Jorvik"]

1. e4 e5 2. Nf3 Nf6 3. Nxe5 d6 4. Nf3 Nxe4 5. Nc3 Nxc3 6. dxc3 Be7 7. Be3 Bg4
8. Be2 Nd7 9. Qd4 Nf6 10. h3 Bf5 11. O-O-O h6 12. g4 Be4 13. Rhg1 c5 14. Qa4+
Bc6 15. Bb5 Qb6 16. Bxc6+ Qxc6 17. Qxc6+ bxc6 18. Rge1 Nd5 19. Bd2 Kd7 20. c4
Nc7 21. Bc3 f6 22. Nh4 Rhe8 23. Nf5 Bf8 24. Ne3 Re6 25. Rd3 Rd8 26. Red1 Kc8
27. Ba5 Rd7 28. Nf5 Ne8 29. Bd2 Kc7 30. Ba5+ Kc8 31. Bd2 Kc7 32. Be3 g6 33. Nh4
g5 34. Nf5 Rh7 35. Ra3 Kb8 36. Rb3+ Rb7 37. Rbd3 Rb4 38. b3 Rb7 39. a3 Kc8 40.
a4 Ng7 41. Nxd6+ Bxd6 42. Rxd6 Rbe7 43. Bxc5 Kc7 44. R6d3 Rf7 45. Bxa7 f5 46.
f3 fxg4 47. fxg4 h5 48. c5 hxg4 49. Bb6+ 1-0

[Event "4NCL 3 North pool A"]
[Site "Crewe, ENG ENG"]
[Date "2016.01.17"]
[Round "4.80"]
[White "Andrews, Norman G"]
[Black "McLean, Robert"]
[Result "1/2-1/2"]
[WhiteElo "1563"]
[BlackElo "1847"]
[PlyCount "101"]
[EventDate "2016.01.17"]
[WhiteTeam "Jorvik"]
[BlackTeam "3Cs 2"]

1. d4 d5 2. c4 e6 3. Nc3 Nf6 4. Bg5 Be7 5. e3 O-O 6. cxd5 Nxd5 7. Bxe7 Qxe7 8.
Nxd5 exd5 9. Bd3 c6 10. Ne2 Nd7 11. O-O Nf6 12. Qc2 Re8 13. Ng3 Ne4 14. Nxe4
dxe4 15. Bc4 Be6 16. Bxe6 Qxe6 17. Rfc1 Rac8 18. b4 Red8 19. Qe2 Qd6 20. a3 b6
21. Rc2 Rc7 22. Rac1 Rdc8 23. Rc4 Qd5 24. R1c3 a5 25. bxa5 Qxa5 26. Qc2 f5 27.
Ra4 Qd5 28. Rb4 Rb7 29. a4 Kf8 30. Rbc4 Rbc7 31. Rb4 Qa5 32. Rbc4 b5 33. Rc5 g6
34. h3 Qxa4 35. Qxa4 bxa4 36. Ra5 Ke7 37. Rxa4 Kd6 38. Rac4 c5 39. Kh2 cxd4 40.
Rxd4+ Ke6 41. Rxc7 Rxc7 42. Rd2 g5 43. Kg3 Rc3 44. Re2 h5 45. Kh2 Kd5 46. g3 h4
47. gxh4 gxh4 48. Rd2+ Ke5 49. Rd8 Kf6 50. Rh8 Kg5 51. Rg8+ 1/2-1/2

[Event "4NCL 3 North pool A"]
[Site "Crewe, ENG ENG"]
[Date "2016.01.17"]
[Round "4.85"]
[White "Collins, Richard A"]
[Black "Savidge, Daniel"]
[Result "0-1"]
[WhiteElo "1952"]
[BlackElo "1900"]
[PlyCount "64"]
[EventDate "2016.01.17"]
[WhiteTeam "Manchester Manticores 3"]
[BlackTeam "Spirit of Atticus C"]

1. d4 f5 2. h3 Nf6 3. g4 e6 4. gxf5 exf5 5. Nf3 b6 6. Bg2 Bb7 7. Bg5 Be7 8. Nc3
Ne4 9. Bxe7 Qxe7 10. a3 d6 11. Rg1 O-O 12. Qc1 Nxc3 13. bxc3 f4 14. Qd2 Nd7 15.
c4 Rae8 16. d5 Ba6 17. Nd4 Nc5 18. Qc3 Qg5 19. Kf1 Qh5 20. Rh1 Ne4 21. Bxe4
Rxe4 22. Qd3 Qe5 23. c3 Re8 24. Rg1 Bc8 25. Ra2 Qh5 26. Ne6 Bxe6 27. dxe6 R8xe6
28. Rg4 Qc5 29. f3 Rxc4 30. e4 Rxc3 31. Qd2 Rc1+ 32. Ke2 Qc4+ 0-1

[Event "4NCL 3 North pool A"]
[Site "Crewe, ENG ENG"]
[Date "2016.01.17"]
[Round "4.86"]
[White "McDonagh, Michael"]
[Black "Hilton, Tim"]
[Result "1-0"]
[WhiteElo "1930"]
[BlackElo "1960"]
[PlyCount "55"]
[EventDate "2016.01.17"]
[WhiteTeam "Spirit of Atticus C"]
[BlackTeam "Manchester Manticores 3"]

1. d4 Nf6 2. Nd2 e6 3. Ngf3 c5 4. e3 b6 5. Bd3 cxd4 6. exd4 Bb7 7. O-O Be7 8.
Re1 d6 9. b3 Nbd7 10. Bb2 O-O 11. a3 Re8 12. c4 Nf8 13. b4 Ng6 14. Qb3 Qc7 15.
Rac1 Rac8 16. Bf1 Qb8 17. g3 Qa8 18. Bg2 Ne4 19. Nxe4 Bxe4 20. Qe3 Bb7 21. h4
Bf6 22. h5 Nf8 23. Qf4 e5 24. dxe5 dxe5 25. Qf5 e4 26. Bxf6 gxf6 27. Qxf6 exf3
28. h6 1-0

[Event "4NCL 3 North pool A"]
[Site "Crewe, ENG ENG"]
[Date "2016.01.17"]
[Round "4.88"]
[White "Lloyd, Stephen M"]
[Black "Altham, John T"]
[Result "0-1"]
[WhiteElo "1847"]
[BlackElo "1847"]
[PlyCount "68"]
[EventDate "2016.01.17"]
[WhiteTeam "Spirit of Atticus C"]
[BlackTeam "Manchester Manticores 3"]

1. d4 d5 2. Nf3 c6 3. e3 e6 4. Bd3 f5 5. O-O Nf6 6. Ne5 Bd6 7. f4 O-O 8. Rf3
Nbd7 9. Rh3 Qe8 10. Nd2 Ne4 11. Ndf3 Ndf6 12. Bd2 Bd7 13. Be1 Rc8 14. b4 b6 15.
c4 c5 16. bxc5 bxc5 17. Nxd7 Qxd7 18. Ne5 Bxe5 19. fxe5 Ng4 20. Bxe4 dxe4 21.
dxc5 Qxd1 22. Rxd1 Nxe5 23. Bc3 Nd3 24. Rg3 g6 25. h4 Rxc5 26. Bd4 Rc7 27. h5
e5 28. Bc3 Rxc4 29. Bd2 Kg7 30. Rb1 Rfc8 31. Rb5 Rc2 32. Ba5 Rc1+ 33. Kh2 Nf2
34. Rb7+ Kf6 0-1

[Event "4NCL 3 North pool A"]
[Site "Crewe, ENG ENG"]
[Date "2016.01.17"]
[Round "4.89"]
[White "Blackmore, Graham W"]
[Black "Stuttard, David"]
[Result "1/2-1/2"]
[WhiteElo "1848"]
[BlackElo "1780"]
[PlyCount "51"]
[EventDate "2016.01.17"]
[WhiteTeam "Manchester Manticores 3"]
[BlackTeam "Spirit of Atticus C"]

1. d4 Nf6 2. Nf3 e6 3. e3 b6 4. Bd3 c5 5. Nbd2 Bb7 6. Qe2 d5 7. b3 cxd4 8. exd4
Bb4 9. Bb2 Ne4 10. Bxe4 dxe4 11. Ne5 Nc6 12. c3 Nxe5 13. dxe5 e3 14. Qxe3 Bc5
15. Qg3 O-O 16. O-O-O Qc7 17. Nc4 Bd5 18. Ne3 Be4 19. Nc2 a5 20. Qf4 Bxc2 21.
Kxc2 b5 22. Rhe1 b4 23. c4 a4 24. Rd3 Qc6 25. f3 Rfd8 26. Red1 1/2-1/2

[Event "4NCL 3 North pool A"]
[Site "Crewe, ENG ENG"]
[Date "2016.01.17"]
[Round "4.90"]
[White "Emerton, Keith"]
[Black "Livesey, R Nigel"]
[Result "0-1"]
[WhiteElo "1802"]
[BlackElo "1787"]
[PlyCount "90"]
[EventDate "2016.01.17"]
[WhiteTeam "Spirit of Atticus C"]
[BlackTeam "Manchester Manticores 3"]

1. Nf3 d5 2. g3 Nf6 3. d3 c6 4. Bg2 Bf5 5. O-O h6 6. Nbd2 e6 7. Re1 Be7 8. c3
O-O 9. b3 Nbd7 10. e4 dxe4 11. dxe4 Bh7 12. e5 Nd5 13. Bb2 Nc5 14. Bf1 Bd3 15.
Nc4 Bxf1 16. Rxf1 b5 17. Na3 a6 18. Nc2 Qc7 19. Qe2 Nb6 20. Rad1 Rfd8 21. Ncd4
a5 22. a3 a4 23. b4 Ncd7 24. Rfe1 Nc4 25. Bc1 Ndb6 26. Rd3 Rd5 27. Rdd1 Nd7 28.
h4 Ndxe5 29. Nxe5 Rxe5 30. Qf3 Rd5 31. Nc2 Rad8 32. Ne3 Rxd1 33. Rxd1 Rxd1+ 34.
Qxd1 Nxe3 35. Bxe3 Bf6 36. Bd4 Qd6 37. f4 Bxd4+ 38. cxd4 Qd5 39. Qd3 Qb3 40.
Qd2 Qxg3+ 41. Qg2 Qxg2+ 42. Kxg2 Kf8 43. Kf3 Ke7 44. Ke4 Kd6 45. h5 g6 0-1